Der gerätunteroffizier, (Record no. 1577)

MARC details
000 -LEADER
fixed length control field 00664cam a22002291 4500
001 - CONTROL NUMBER
control field af 47002138
003 - CONTROL NUMBER IDENTIFIER
control field DLC
005 - DATE AND TIME OF LATEST TRANSACTION
control field 20260227110812.0
008 - FIXED-LENGTH DATA ELEMENTS--GENERAL INFORMATION
fixed length control field 931208s1944 gw a 000 0 ger
010 ## - LIBRARY OF CONGRESS CONTROL NUMBER
LC control number af 47002138
035 ## - SYSTEM CONTROL NUMBER
System control number (OCoLC)29448852
040 ## - CATALOGING SOURCE
Original cataloging agency DLC
Transcribing agency NcD
Modifying agency DLC
042 ## - AUTHENTICATION CODE
Authentication code premarc
050 00 - LIBRARY OF CONGRESS CALL NUMBER
Classification number U135.G3
Item number H35 1914
100 1# - MAIN ENTRY--PERSONAL NAME
Personal name Hanstein, Hans von,
Dates associated with a name 1883-
245 14 - TITLE STATEMENT
Title Der gerätunteroffizier,
Statement of responsibility, etc. von Hans v. Hanstein ...
250 ## - EDITION STATEMENT
Edition statement 2. verb. aufl.
260 ## - PUBLICATION, DISTRIBUTION, ETC.
Place of publication, distribution, etc. Berlin,
Name of publisher, distributor, etc. Bernard & Graefe,
Date of publication, distribution, etc. 1944
300 ## - PHYSICAL DESCRIPTION
Extent 204 p
Other physical details incl. tables, forms.
Dimensions 18 cm.
490 0# - SERIES STATEMENT
Series statement Der Unteroffizier,
Volume/sequential designation hft. 13
610 10 - SUBJECT ADDED ENTRY--CORPORATE NAME
Corporate name or jurisdiction name as entry element Germany.
Subordinate unit Heer
General subdivision Officers' handbooks.

No items available.

Powered by Koha